000 00249nam a2200109Ia 4500
008 190914s9999||||xx |||||||||||||| ||und||
100 _aRobert J. Gordon
245 0 _aMacroeconomics
260 _aIndia
_bDorling
_c2008
300 _a379
942 _cBK
999 _c10006
_d10006